| 000 | 00441nam a22001457a 4500 | ||
|---|---|---|---|
| 999 |
_c17494 _d17494 |
||
| 008 | 221026b ||||| |||| 00| 0 eng d | ||
| 020 | _a9780147510198 | ||
| 082 |
_22017 _aDFic _bG887 |
||
| 100 |
_aGrisham, John. _946521 |
||
| 245 |
_aTheodore Boone, the scandal / _cJohn Grisham. |
||
| 260 |
_aNew York : _bPuffin Books, _c©2017. |
||
| 300 |
_a212 pages ; _c19 cm. |
||
| 650 |
_aMiddle schools _xJuvenile fiction. _946526 |
||
| 942 |
_2ddc _cDFIC |
||